El príncipe
Shranjeno v:
| Glavni avtor: | |
|---|---|
| Format: | Knjiga |
| Jezik: | španščina |
| Izdano: |
Madrid
Alba
1998
|
| Serija: | Grandes Obras de la Literatura
|
| Teme: | |
| Oznake: |
Označite
Brez oznak, prvi označite!
|
MARC
| LEADER | 00000cam a2200000 a 4500 | ||
|---|---|---|---|
| 001 | UCN0488 | ||
| 003 | CL-VaPUC | ||
| 008 | 010323e19980000SP |||||||||||||||||spa|d | ||
| 020 | |a 8492143193 | ||
| 082 | 0 | 4 | |a 320.01 |b MAQ |2 21 |
| 100 | |a Maquiavelo, Nicolás |e autor |9 498654 | ||
| 245 | 1 | 3 | |a El príncipe |
| 300 | |a 127 p | ||
| 942 | |c BK | ||
| 945 | |d 20010323 00:00:00 |a vberengu | ||
| 260 | |a Madrid |b Alba |c 1998 | ||
| 650 | 0 | |a Ciencias Políticas |9 255201 | |
| 650 | 7 | |a FILOSOFIA POLITICA |2 CL-VaPUC |9 455745 | |
| 650 | 0 | |a Ética |9 255099 | |
| 583 | |a last modification |c 20160520 09:37:04 |k Rodrigo Vera | ||
| 490 | 0 | |a Grandes Obras de la Literatura | |
| 999 | |c 294236 |d 294234 | ||
| 952 | |0 0 |1 0 |4 0 |6 320_010000000000000_MAQ_1998 |7 0 |8 A |9 346335 |a BIBHIS |b BIBHIS |d 2019-11-20 |i 3703339 |l 1 |o 320.01 MAQ 1998 |p 3703339 |r 2025-01-20 |s 2024-08-20 |w 2019-11-20 |y BK |k HIS | ||
| 952 | |0 0 |1 0 |4 0 |6 320_010000000000000_MAQ_1998 |7 0 |8 A |9 346336 |a BIBHIS |b BIBHIS |d 2019-11-20 |i 3988201 |l 1 |o 320.01 MAQ 1998 |p 3988201 |r 2025-01-20 |s 2023-11-06 |w 2019-11-20 |y BK |k HIS | ||
| 952 | |0 0 |1 0 |3 erd |4 0 |6 320_010000000000000_MAQ_1998 |7 0 |8 A |9 346337 |a FDOHBE |b FDOHBE |e Huesbe Llanos, Marco Antonio, 1934- |i 5304415 |o 320.01 MAQ 1998 |p 5304415 |r 2024-01-30 |w 2019-11-20 |y BK |z Catalogado en:20160520 |k HBE | ||